Pasaran dan institusi kewangan di Malaysia : teori dan amalan

Bibliographic Details
Main Author: Othman Yong , 1961- (Author)
Format: Book
Published: Kuala Lumpur : Dewan Bahasa dan Pustaka , 1993
Subjects:

MARC

LEADER 00000cam a2200000 7i4500
001 0000003485
005 20101110093000.0
008 021118s1993
020 |a 9836236627 
090 0 0 |a HG4344.66   |b .O8 1993 
100 0 |a Othman Yong ,   |d 1961- ,   |e author 
245 0 0 |a Pasaran dan institusi kewangan di Malaysia :   |b teori dan amalan   |c Othman Yong 
260 2 |a Kuala Lumpur :   |b Dewan Bahasa dan Pustaka ,   |c 1993 
300 |a viii, 343 ms ;   |c 25 sm. 
504 |a Mengandungi rujukan dan indeks 
650 0 |a Finance   |x Religious aspects   |x Islam 
650 0 |a Finance   |z Malaysia 
650 0 |a Financial institutions   |z Malaysia 
999 |a 1000024119   |b Book   |c OPEN SHELF (30 DAYS)   |e Gong Badak Campus